000 00264nam a22001337a 4500
022 _a
082 _a891.4393
100 _aBano Qudsia
245 _aNaqabaly Zikr
260 _aLahore
_bSang e Meel
_c2010.
300 _b22cm
500 _aHardcover
942 _cBK
999 _c33063
_d33063